European commission on control of food and month disease : (Record no. 802429)

MARC details
000 -LEADER
fixed length control field 00869namaa2200289 a 4500
001 - CONTROL NUMBER
control field vtls000979312
003 - CONTROL NUMBER IDENTIFIER
control field NLI
005 - DATE AND TIME OF LATEST TRANSACTION
control field 20210627100427.0
008 - FIXED-LENGTH DATA ELEMENTS--GENERAL INFORMATION
fixed length control field 120209m1964uuuuxx i0|0 0 eng
039 #9 - LEVEL OF BIBLIOGRAPHIC CONTROL AND CODING DETAIL [OBSOLETE]
-- 201202091917
-- VLOAD
040 ## - CATALOGING SOURCE
Original cataloging agency NLI
Transcribing agency VTLS-2010_FOD
Description conventions AACR2
041 0# - LANGUAGE CODE
Language code of text/sound track or separate title eng
044 ## - COUNTRY OF PUBLISHING/PRODUCING ENTITY CODE
MARC country code xx
082 04 - DEWEY DECIMAL CLASSIFICATION NUMBER
Classification number 338.1061
110 2# - MAIN ENTRY--CORPORATE NAME
Corporate name or jurisdiction name as entry element United Nations.
Subordinate unit Food and agricultural organisation
9 (RLIN) 920314
245 10 - TITLE STATEMENT
Title European commission on control of food and month disease :
Inclusive dates 1964-
260 ## - PUBLICATION, DISTRIBUTION, ETC.
Place of publication, distribution, etc. n.l :
Name of publisher, distributor, etc. United Nations,
Date of publication, distribution, etc. 1964
300 ## - PHYSICAL DESCRIPTION
Extent 1 v. ;
Dimensions 27 cm.
650 #0 - SUBJECT ADDED ENTRY--TOPICAL TERM
Topical term or geographic name entry element Statistical data
9 (RLIN) 913997
650 #0 - SUBJECT ADDED ENTRY--TOPICAL TERM
Topical term or geographic name entry element International Trade
General subdivision agriculture
9 (RLIN) 920315
887 ## - NON-MARC INFORMATION FIELD
Content of non-MARC field 1(UN)
901 ## - LOCAL DATA ELEMENT A, LDA (RLIN)
a UN5414
b 24.04.1965
9 V.1
902 ## - LOCAL DATA ELEMENT B, LDB (RLIN)
a U.N 338.1061 C 832 a
905 ## - LOCAL DATA ELEMENT E, LDE (RLIN)
a 1(UN)
949 ## - LOCAL PROCESSING INFORMATION (OCLC)
-- VIRTUAITEM
-- 10000
-- 100
6 UNX000005414ENG
942 ## - ADDED ENTRY ELEMENTS (KOHA)
Source of classification or shelving scheme Dewey Decimal Classification
Koha item type Books
Holdings
Withdrawn status Lost status Damaged status Not for loan Collection code Home library Current library Shelving location Date acquired Total Checkouts Full call number Barcode Date last seen Price effective from Koha item type
        United Nations National Library of India National Library of India Foreign Official Documents - United Nations     U.N 338.1061 C 832 a UNX000005414ENG 27/06/2021 27/06/2021 Books
                                                                           
web counter

Copyright ©2020 The National Library of India, Govt. of India ↔ Hosted by NVLI, MOC ↔ Technology and Design by National Library of India, Ministry of Culture, Govt. of India